The Ph.D. trap /

Bibliographic Details
Main Author: Cude, Wilfred
Format: Book
Language:English
Published: West Bay, N.S. : Medicine Label Press, 1987.
Edition:2nd ed.
Subjects:

MARC

Tag First Indicator Second Indicator Subfields
LEADER 00000cam a2200000 a 4500
001 in00000972783
005 20150927111229.0
008 880512c1987 nsc b 00010 eng c
010 |a cn 88098560  
015 |a C88-98560-7 
020 |a 0969305818 :  |c $12.95 
035 |a (OCoLC)18166508 
035 |9 AEW0820AM 
040 |a CaNSHD  |b eng  |c NLC  |d UtOrBLW 
043 |a n-cn---  |a n-us--- 
049 |a TXAM 
055 0 |a LB2386  |b C83 1988 
055 1 |a LB2386 
082 0 |a 378/.24  |2 19 
090 |a LB2386  |b .C83 1987 
100 1 |a Cude, Wilfred. 
245 1 4 |a The Ph.D. trap /  |c Wilfred Cude. 
250 |a 2nd ed. 
264 1 |a West Bay, N.S. :  |b Medicine Label Press,  |c 1987. 
300 |a iv, 136 pages ;  |c 23 cm. 
336 |a text  |b txt  |2 rdacontent 
337 |a unmediated  |b n  |2 rdamedia 
338 |a volume  |b nc  |2 rdacarrier 
504 |a Includes bibliographical references. 
650 0 |a Doctor of philosophy degree  |z Canada. 
650 0 |a Doctor of philosophy degree  |z United States. 
650 0 |a Universities and colleges  |z Canada  |x Graduate work. 
650 0 |a Universities and colleges  |z United States  |x Graduate work. 
999 |a MARS 
999 f f |s 8cb753b4-9330-3a94-939e-423bb0119020  |i e06636ad-a180-3a26-b174-28c456c388c5  |t 0 
952 f f |p normal  |a Texas A&M University  |b College Station  |c Sterling C. Evans Library  |d Evans: Library Stacks  |t 0  |e LB2386 .C83 1987  |h Library of Congress classification  |i unmediated -- volume  |m A14813770784 
998 f f |a LB2386 .C83 1987  |t 0  |l Evans: Library Stacks